Online
Catalog

Fundamentos de química / (Record no. 7185)

MARC details
000 -CABECERA
campo de control de longitud fija 00954nam a2200265 a 4500
001 - NÚMERO DE CONTROL
campo de control 000007404
005 - FECHA Y HORA DE LA ÚLTIMA TRANSACCIÓN
campo de control 20200929154146.0
008 - DATOS DE LONGITUD FIJA--INFORMACIÓN GENERAL
campo de control de longitud fija 090908s1996 mx 001 0 spa d
020 ## - NÚMERO INTERNACIONAL ESTÁNDAR DEL LIBRO
Número Internacional Estándar del Libro 9688806285
040 ## - FUENTE DE LA CATALOGACIÓN
Centro catalogador/agencia de origen DO-SdBNP
082 ## - NÚMERO DE LA CLASIFICACIÓN DECIMAL DEWEY
Número de clasificación 540
Número de documento/Ítem B9671, 1996
049 ## - FONDOS LOCALES (OCLC)
Fondos de biblioteca BNPD
100 1# - ENTRADA PRINCIPAL--NOMBRE DE PERSONA
Nombre de persona Burns, Ralph A.
9 (RLIN) 20571
240 10 - TÍTULO UNIFORME
Título uniforme Fundamentals of chemistry
Lenguaje de la obra inglés
245 10 - MENCIÓN DE TÍTULO
Título Fundamentos de química /
Mención de responsabilidad, etc. Ralph A. Burns ; participación especial John W. Hill ; traducción Héctor Escalona y García ; revisor técnico María del Consuelo Hidalgo.
250 ## - MENCIÓN DE EDICIÓN
Mención de edición 2a ed
260 ## - PUBLICACIÓN, DISTRIBUCIÓN, ETC.
Lugar de publicación, distribución, etc. México :
Nombre del editor, distribuidor, etc. Xalco,
Fecha de publicación, distribución, etc. 1996.
300 ## - DESCRIPCIÓN FÍSICA
Extensión 664 p. :
Otras características físicas il. ;
Dimensiones 25 cm.
650 #4 - PUNTO DE ACCESO ADICIONAL DE MATERIA--TÉRMINO DE MATERIA
Término de materia o nombre geográfico como elemento de entrada Química
Subdivisión general Estudio y enseñanza
9 (RLIN) 20572
650 #4 - PUNTO DE ACCESO ADICIONAL DE MATERIA--TÉRMINO DE MATERIA
Término de materia o nombre geográfico como elemento de entrada Química
Subdivisión general Problemas, ejercicios, etc.
9 (RLIN) 20573
700 1# - PUNTO DE ACCESO ADICIONAL--NOMBRE DE PERSONA
Nombre de persona Hill, John W.
9 (RLIN) 20574
700 1# - PUNTO DE ACCESO ADICIONAL--NOMBRE DE PERSONA
Nombre de persona Escalona y García, Héctor,
Término indicativo de función/relación tr.
9 (RLIN) 20575
700 ## - PUNTO DE ACCESO ADICIONAL--NOMBRE DE PERSONA
Nombre de persona Hidalgo, María del Consuelo
9 (RLIN) 20576
910 ## - DATOS DE OPCIÓN DEL USUARIO (OCLC)
Datos de opción del usuario Validado. Control de calidad BNPHU
Holdings
Estado de retiro Estado de pérdida Restricciones de uso No para préstamo Código de colección Localización permanente Ubicación/localización actual Ubicación en estantería Fecha de adquisición Número de inventario Total de préstamos Signatura topográfica completa Código de barras Fecha visto por última vez Precio válido a partir de Tipo de ítem Koha
      Excluido de préstamo Monografías: Libros y Folletos General General Depósito 08.09.2009 LF1   540 B9671, 1996 7404-10 25.06.2020 25.06.2020 No se presta

Powered by Koha